Guess the Rap album. - Statistics

General Stats
  • This quiz has been taken 39 times
  • The average score is 8 of 16
Answer Stats
Picture Answer % Correct
Astroworld
97%
To pimp a Butterfly
86%
Mr Morale & The big Steppers
81%
My Beautiful Dark Twisted Fantasy
81%
Utopia
81%
Doggystyle
72%
Section 80
72%
Ready to Die
67%
Birds in the Trap sing Mcknight
47%
Born Like This
17%
The Search
17%
D12 World
14%
Clouds
11%
R U Still down?
11%
Blame it on Baby
8%
Results may vary
3%
No matching quizzes found
Score Distribution
Percent of People with Each Score
Percentile by Number Answered
Your Score History
You have not taken this quiz